书目信息 |
| 题名: |
商业银行大变革
|
|
| 作者: | 龚志坚, 著 | |
| 分册: | ||
| 出版信息: | 北京 中信出版集团股份有限公司 2015 |
|
| 页数: | 29, 374页 | |
| 开本: | 23cm | |
| 丛书名: | 金融精英卓越计划系列 | |
| 单 册: | ||
| 中图分类: | F830.33 | |
| 科图分类: | ||
| 主题词: | 商业银行--Shang Ye Yin Hang--银行管理--研究 | |
| 电子资源: | ||
| ISBN: | 978-7-5086-5295-5 | |
| 000 | 01397nam 2200301 450 | |
| 001 | 1673853495 | |
| 005 | 20150808090455.0 | |
| 010 | @a978-7-5086-5295-5@dCNY58.00 | |
| 100 | @a20150708d2015 em y0chiy0120 ea | |
| 101 | 0 | @achi |
| 102 | @aCN@b110000 | |
| 105 | @aak z 000yy | |
| 106 | @ar | |
| 200 | 1 | @a商业银行大变革@AShang Ye Yin Hang Da Bian Ge@e组织与流程再造@d= Major changes of commercial banks@eorganization and process reengineering@f龚志坚著@zeng |
| 210 | @a北京@c中信出版集团股份有限公司@d2015 | |
| 215 | @a29, 374页@c图@d23cm | |
| 225 | 2 | @a金融精英卓越计划系列@AJin Rong Jing Ying Zhuo Yue Ji Hua Xi Lie |
| 320 | @a有书目 (第365-374页) | |
| 330 | @a本书结合作者多年的城市银行战略管理与组织变革实战经验,在理论分析和实证研究的基础上,阐述了商业银行组织体系设计及演进逻辑,全面系统地构建了商业银行事业部制设计体系,并提出了在事业部制组织架构下的战略管理、风险管理、财务管理、人力资源管理、运营管理、信息科技和流程管理组织体系的设计思路和内容。 | |
| 333 | @a商业银行管理人员。 | |
| 410 | 0 | @12001 @a金融精英卓越计划系列 |
| 510 | 1 | @aMajor changes of commercial banks@eorganization and process reengineering@zeng |
| 517 | 1 | @a组织与流程再造@AZu Zhi Yu Liu Cheng Zai Zao |
| 606 | 0 | @a商业银行@AShang Ye Yin Hang@x银行管理@x研究 |
| 690 | @aF830.33@v5 | |
| 701 | 0 | @a龚志坚,@AGong Zhi Jian@f1967-@4著 |
| 801 | 0 | @aCN@b江苏新华@c20150511 |
| 905 | @aBZT@dF830.33@e12 | |
| 商业银行大变革:组织与流程再造= Major changes of commercial banks:organization and process reengineering/龚志坚著.-北京:中信出版集团股份有限公司,2015 |
| 29, 374页:图;23cm.-(金融精英卓越计划系列) |
| 使用对象:商业银行管理人员。 |
| ISBN 978-7-5086-5295-5:CNY58.00 |
| 本书结合作者多年的城市银行战略管理与组织变革实战经验,在理论分析和实证研究的基础上,阐述了商业银行组织体系设计及演进逻辑,全面系统地构建了商业银行事业部制设计体系,并提出了在事业部制组织架构下的战略管理、风险管理、财务管理、人力资源管理、运营管理、信息科技和流程管理组织体系的设计思路和内容。 |
| ● |
| 相关链接 |
|
|
|
正题名:商业银行大变革
索取号:F830.33/12
 
预约/预借
| 序号 | 登录号 | 条形码 | 馆藏地/架位号 | 状态 | 备注 |
| 1 | 800483 | 2000800483 | 第二书库/ [索取号:F830.33/12] | 在馆 | |
| 2 | 800484 | 2000800484 | 第二书库/ [索取号:F830.33/12] | 在馆 | |
| 3 | 800485 | 2000800485 | 第二书库/ [索取号:F830.33/12] | 在馆 |